000 00662nam a2200241Ia 4500
003 OSt
005 20221007064942.0
006 a|||||r|||| 00| 0
007 ta
008 221006b |||||||| |||| 00| 0 eng d
024 _a619
037 _cTextual
040 _aFLL
_cFLL
_beng
041 _2eng
_aeng
082 _aF56:Z2N85, N9
100 _aJain P. K.
245 0 _aCommentaries on the narcotic drugs and psychotropic substances act, 1985
260 _aDelhi
_bPrashant Publications India
_c1999
300 _a500p,570p
_ccm.
650 _aLaw
942 _hF56:Z2N85, N9
_cTEXL
_2CC
999 _c1135859
_d1135859